Hicks & Goo's cases and materials on company law / (Record no. 5470)

MARC details
000 -LEADER
fixed length control field 00575nam a22001697a 4500
008 - FIXED-LENGTH DATA ELEMENTS--GENERAL INFORMATION
fixed length control field 130814b xxu||||| |||| 00| 0 eng d
020 ## - INTERNATIONAL STANDARD BOOK NUMBER
International Standard Book Number 9-7801-9956-4293
082 ## - DEWEY DECIMAL CLASSIFICATION NUMBER
Edition number 21 ed.
Classification number 346.066 DIG
100 ## - MAIN ENTRY--PERSONAL NAME
Personal name Dignam, Alan
245 ## - TITLE STATEMENT
Title Hicks & Goo's cases and materials on company law /
Statement of responsibility, etc Alan Dignam
250 ## - EDITION STATEMENT
Edition statement 7 ed.
260 ## - PUBLICATION, DISTRIBUTION, ETC. (IMPRINT)
Place of publication, distribution, etc USA :
Name of publisher, distributor, etc Oxford University Press
Date of publication, distribution, etc 2011
300 ## - PHYSICAL DESCRIPTION
Extent xxvi, 660 P. ;
Dimensions 24 cm.
521 ## - TARGET AUDIENCE NOTE
Target audience note Includes Index
650 ## - SUBJECT ADDED ENTRY--TOPICAL TERM
Source of heading or term Corporation law -- England -- Cases
Topical term or geographic name as entry element Corporation law -- England
Topical term following geographic name as entry element Corporation law -- Wales -- Cases
942 ## - ADDED ENTRY ELEMENTS (KOHA)
Source of classification or shelving scheme Dewey Decimal Classification
Item type Books
Holdings
Withdrawn status Lost status Source of classification or shelving scheme Damaged status Not for loan Home library Current library Shelving location Date acquired Total Checkouts Full call number Barcode Date last seen Copy number Price effective from Koha item type Public note
    Dewey Decimal Classification     Law Development Centre Main Library Law Development Centre Main Library Text Books and Laws 08/14/2013   346.066 DIG 6096/2013 08/14/2013 1 08/14/2013 Books Reserve